Manual de redes inalámbricas

Bibliographic Details
Main Authors: Reid, Neil, Seide, Ron
Format: Section = Libro
Language:Undetermined
Spanish
Published: México McGraw-Hill 2004
Subjects:
LEADER 00547nam a2200217Ia 4500
008 240830s9999 xx 000 0 und d
020 |a 970-10-4147-X 
040 |a B-ESTELÍ- RUACS / 384.5 R353 
041 |a spa 
082 |a 384.5 R353 
100 1 |a Reid, Neil  
100 1 |b  Seide, Ron 
245 1 0 |a Manual de redes inalámbricas 
260 |a México  |b McGraw-Hill  |c 2004 
300 |a 107 p.: il. 
650 7 |a PRODUCCION 
650 7 |b  EQUIPAMIENTO 
650 7 |c  PROYECCION DE LOS TALLERES 
942 |c BK  |2 ddc 
991 |a TEXTO 
999 |c 10852